Compagnons de Fallout 4 - Statistiques

Statistiques générales
  • Ce quiz a été pris 8 fois
  • Le résultat moyen est 6 sur 16
Statistiques - réponses
Par images Réponse % Correct
Canigou
88%
Curie
75%
Preston Garvey
75%
Strong
75%
Ada
50%
Cait
50%
Codsworth
50%
Nick Valentine
50%
Paladin Danse
38%
Deacon
25%
John Hancock
13%
Piper Wright
13%
Robert MacCready
13%
Automatron
0%
Vieux Longfellow
0%
X6-88
0%
Aucun quiz correspondant
Distribution des résultats
% des personnes avec chaque résultat
Percentile par nombre de réponses
Votre historique - résultats
Vous n’avez pas pris ce quiz